000 00746cam a22002413a 4500
001 2330
003 PGUSA
005 20140828083013.0
008 060326s2006||||xxu|||||s|||||000 | eng d
040 _aPGUSA
_beng
042 _adc
050 4 _aBL
100 1 _aGiles, Herbert Allen,
_d1845-1935
245 1 0 _aReligions of Ancient China
_h[electronic resource] /
_cHerbert Allen Giles
260 _bProject Gutenberg,
_c2006
505 0 _aThe ancient faith -- Confucianism -- Taoism -- Materialism -- Buddhism and other religions.
506 _aPublic domain in the USA.
516 _aElectronic text
653 _aChina -- Religion
830 0 _aProject Gutenberg
_v2330
856 4 0 _uhttp://www.gutenberg.org/ebooks/2330
942 _cEB
999 _c231667
_d231667